Library Banner

Glossary of accounting terms (Record no. 24761)

MARC details
000 -LEADER
fixed length control field 00346nam a2200145Ia 4500
001 - CONTROL NUMBER
control field 24568
008 - FIXED-LENGTH DATA ELEMENTS--GENERAL INFORMATION
fixed length control field 140411s9999 xx 000 0 und d
040 ## - CATALOGING SOURCE
Transcribing agency PK-LaUMT
082 ## - DEWEY DECIMAL CLASSIFICATION NUMBER
Classification number 657.03
Item number GLO-
245 ## - TITLE STATEMENT
Title Glossary of accounting terms
260 ## - PUBLICATION, DISTRIBUTION, ETC. (IMPRINT)
Place of publication, distribution, etc London,UK:
Name of publisher, distributor, etc Civil Service Department,
Date of publication, distribution, etc 1977
300 ## - PHYSICAL DESCRIPTION
Extent 28 p.
546 ## - LANGUAGE NOTE
Language note EN
942 ## - ADDED ENTRY ELEMENTS (KOHA)
Koha item type Books
Holdings
Withdrawn status Lost status Damaged status Not for loan Home library Current library Date acquired Total Checkouts Full call number Barcode Date last seen Price effective from Koha item type
        UMT Main Campus UMT Main Campus 2014-04-11   657.03 GLO- 27409 2014-04-24 2014-04-24 Books